BLACKPINK - Chansons de l'album KILL THIS LOVE - Statistiques

Statistiques générales
  • Ce quiz a été pris 20 fois
  • Le résultat moyen est 3 sur 5
Statistiques - réponses
Hint Réponse % Correct
KILL THIS LOVE 1 Kill This Love
100%
KILL THIS LOVE 4 Hope Not
61%
KILL THIS LOVE 3 Kick It
56%
KILL THIS LOVE 2 Don't Know What to Do
50%
KILL THIS LOVE 5 DDU-DU DDU-DU Remix
33%
Aucun quiz correspondant
Distribution des résultats
% des personnes avec chaque résultat
Percentile par nombre de réponses
Votre historique - résultats
Vous n’avez pas pris ce quiz